[Event "21st European Teams Women"]
[Site "Hersonissos GRE"]
[Date "2017.10.29"]
[Round "2.5"]
[Board "4"]
[White "Levushkina, Elena"]
[Black "Majdan, Joanna"]
[Result "1/2-1/2"]
[WhiteTitle "WGM"]
[BlackTitle "WGM"]
[WhiteElo "2309"]
[BlackElo "2349"]
[WhiteTeam "Germany"]
[BlackTeam "Poland"]
[WhiteFideId "14200686"]
[BlackFideId "1121979"]
[EventDate "2017.10.28"]

1. e4 c5 2. c3 Nf6 3. e5 Nd5 4. Nf3 Nc6 5. d4 cxd4 6. cxd4 d6 7. Bc4 dxe5 8.
Nxe5 Nxe5 9. dxe5 e6 10. O-O Be7 11. Qg4 Kf8 12. Rd1 Qc7 13. Qe2 Nb6 14. Bb3 Nd7
15. f4 Nc5 16. Nc3 Bd7 17. Be3 a6 18. Bc2 Bc6 19. Qf2 Nd7 20. Rac1 g6 21. Be4
Kg7 22. Bxc6 bxc6 23. Ne4 Rab8 24. b3 Ba3 25. Rc3 Rb5 26. Qc2 Nb8 27. Rcd3 a5
28. Nd6 Bxd6 29. exd6 Qd7 30. Qc3+ f6 31. a4 Rd5 32. Rxd5 exd5 33. Bc5 Na6 34.
Qxa5 Nxc5 35. Qxc5 Re8 36. Rc1 Re2 37. Qxc6 Qe6 38. Qc7+ Kh6 39. Qc3 Qxd6 40.
Qh3+ Kg7 41. Qf3 Qb6+ 42. Kh1 Qc5 43. Qf1 Qe3 44. Qg1 Qxf4 45. Rd1 Qb4 46. h3
Qxb3 47. Qa7+ Kh6 48. Qd4 Re4 49. Qd2+ Kg7 50. a5 d4 51. a6 Qa4 52. Qd3 Re3 53.
Qb1 Qxa6 54. Rxd4 Qc6 55. Rd3 Re2 56. Qf1 Rc2 57. Qf3 Rc1+ 58. Kh2 Qc7+ 59. Qg3
h5 60. Qxc7+ Rxc7 61. h4 Rc4 62. g3 Rc2+ 63. Kh3 g5 64. hxg5 fxg5 65. Rd6 Rf2
66. Ra6 Rf6 67. Ra2 Kg6 68. Rb2 Re6 69. Ra2 Re5 70. Rb2 Kf5 71. Rf2+ Ke4 72. Rf8
Rf5 73. Ra8 Kf3 74. Ra3+ Kf2 75. Ra2+ Kg1 76. Ra1+ Rf1 77. Ra5 g4+ 78. Kh4 Kg2
79. Ra2+ Rf2 80. Ra5 Rf3 81. Ra2+ Rf2 82. Ra5 1/2-1/2

[Event "21st European Teams Women"]
[Site "Hersonissos GRE"]
[Date "2017.10.29"]
[Round "2.6"]
[Board "1"]
[White "Mammadzada, Gunay"]
[Black "Hoang, Thanh Trang"]
[Result "1-0"]
[WhiteTitle "WGM"]
[BlackTitle "GM"]
[WhiteElo "2393"]
[BlackElo "2438"]
[WhiteTeam "Azerbaijan"]
[BlackTeam "Hungary"]
[WhiteFideId "13403729"]
[BlackFideId "12400149"]
[EventDate "2017.10.28"]

1. e4 e6 2. d4 d5 3. Nd2 Be7 4. Bd3 c5 5. dxc5 Nf6 6. Qe2 O-O 7. Ngf3 a5 8. c3
Na6 9. e5 Nd7 10. h4 f5 11. Bxa6 Rxa6 12. b4 axb4 13. cxb4 Ra4 14. a3 Qc7 15.
Bb2 b6 16. c6 Qxc6 17. Nd4 Qb7 18. Nxe6 Re8 19. O-O Nc5 20. Nf4 Qa8 21. Qf3 Ne4
22. Nxe4 dxe4 23. Qb3+ Kh8 24. Qf7 Ba6 25. e6 Bf8 26. Nh5 Re7 27. Bxg7+ Bxg7 28.
Qxe7 Be5 29. Nf6 Bxf6 30. Qxf6+ Kg8 31. Qf7+ Kh8 32. e7 1-0

[Event "21st European Teams Women"]
[Site "Hersonissos GRE"]
[Date "2017.10.29"]
[Round "2.6"]
[Board "2"]
[White "Lazarne Vajda, Szidonia"]
[Black "Mamedjarova, Zeinab"]
[Result "1-0"]
[WhiteTitle "IM"]
[BlackTitle "WGM"]
[WhiteElo "2364"]
[BlackElo "2298"]
[WhiteTeam "Hungary"]
[BlackTeam "Azerbaijan"]
[WhiteFideId "723894"]
[BlackFideId "13401521"]
[EventDate "2017.10.28"]

1. d4 f5 2. g3 g6 3. Bg2 Bg7 4. Nf3 Nf6 5. O-O O-O 6. c4 d6 7. Nc3 Qe8 8. b3 c6
9. Ba3 Na6 10. Qd3 h6 11. e4 fxe4 12. Nxe4 Nxe4 13. Qxe4 Bf5 14. Qe3 g5 15. Rae1
Bf6 16. Nd2 Qf7 17. Ne4 Bg7 18. f4 g4 19. Nf2 Rae8 20. Re2 h5 21. Ne4 Qg6 22.
Rd1 Nc7 23. Bb2 Bh6 24. d5 e5 25. dxe6 Rxe6 26. Qd4 Rfe8 27. Rde1 Bg7 28. Qxg7+
Qxg7 29. Bxg7 Kxg7 30. Kf2 d5 31. cxd5 Nxd5 32. Nd6 Rxe2+ 33. Rxe2 Rxe2+ 34.
Kxe2 Bb1 35. Bxd5 cxd5 36. Nxb7 Bxa2 37. b4 Kf6 38. Ke3 Ke6 39. Kd4 Bb1 40. Kc5
Bg6 41. Nd8+ Kd7 42. Nc6 Kc7 43. Ne7 d4 44. Kxd4 Bf7 45. Kc5 Be8 46. Nd5+ Kb7
47. f5 Bf7 48. f6 Bg8 49. Kd6 Ka6 50. Nc3 Kb6 51. Ke7 1-0

[Event "21st European Teams Women"]
[Site "Hersonissos GRE"]
[Date "2017.10.29"]
[Round "2.6"]
[Board "3"]
[White "Fataliyeva, Ulviyya"]
[Black "Papp, Petra"]
[Result "0-1"]
[WhiteTitle "WIM"]
[BlackTitle "WGM"]
[WhiteElo "2348"]
[BlackElo "2326"]
[WhiteTeam "Azerbaijan"]
[BlackTeam "Hungary"]
[WhiteFideId "13403052"]
[BlackFideId "739049"]
[EventDate "2017.10.28"]

1. e4 e5 2. Nf3 Nc6 3. d4 exd4 4. Nxd4 Nf6 5. Nxc6 bxc6 6. e5 Qe7 7. Qe2 Nd5 8.
c4 Ba6 9. b3 g6 10. g3 Bg7 11. Bb2 O-O 12. Bg2 Rae8 13. O-O Bxe5 14. Qxe5 Qxe5
15. Bxe5 Rxe5 16. cxd5 Bxf1 17. Kxf1 cxd5 18. Nc3 c6 19. Rd1 Rfe8 20. Bf3 Kf8
21. b4 Ke7 22. Na4 Kd6 23. Nc5 Rb8 24. Nd3 Ree8 25. a4 a5 26. b5 g5 27. Nc1 Re5
28. Ne2 g4 29. Bg2 cxb5 30. Nc3 b4 31. Nxd5 b3 32. Nb4+ Ke7 33. Nd3 Rh5 34. Kg1
Rh6 35. Nb2 Rd6 36. Bd5 Kf8 37. Bf3 Rxd1+ 38. Bxd1 Ke7 39. Kf1 Kd6 40. Ke1 Kc5
41. Kd2 Kb4 42. Bxg4 Ka3 43. Nc4+ Ka2 44. Bf5 b2 45. Bxh7 Rh8 46. Bd3 Rxh2 47.
Ke3 b1=Q 48. Bxb1+ Kxb1 49. Nxa5 Kc2 50. Nc4 Kc3 51. Nb6 d6 52. f3 Rb2 53. a5
Ra2 54. Nd5+ Kc4 55. Nb6+ Kc5 56. Nd7+ Kc6 57. Nb8+ Kb7 58. Nd7 Rxa5 59. Nf6 Kc6
60. g4 Ra4 61. f4 d5 62. g5 Kd6 63. Ng4 Ra3+ 64. Ke2 Ra4 65. Kf3 Ke6 66. Nf6
Ra3+ 67. Kf2 d4 68. Ne4 Kf5 69. Nd2 Ra2 70. Ke2 Kxf4 0-1

[Event "21st European Teams Women"]
[Site "Hersonissos GRE"]
[Date "2017.10.29"]
[Round "2.6"]
[Board "4"]
[White "Gara, Anita"]
[Black "Mammadova, Gulnar"]
[Result "1/2-1/2"]
[WhiteTitle "IM"]
[BlackTitle "IM"]
[WhiteElo "2382"]
[BlackElo "2385"]
[WhiteTeam "Hungary"]
[BlackTeam "Azerbaijan"]
[WhiteFideId "709751"]
[BlackFideId "13403508"]
[EventDate "2017.10.28"]

1. e4 e6 2. d4 d5 3. Nd2 Nf6 4. e5 Nfd7 5. Bd3 c5 6. c3 b6 7. Nh3 Ba6 8. Bxa6
Nxa6 9. O-O Nc7 10. Nf4 c4 11. b3 b5 12. a4 a6 13. a5 Be7 14. b4 O-O 15. Qg4 f5
16. Qg3 Kh8 17. Qh3 Qe8 18. g3 g5 19. Ne2 Qg6 20. Qg2 Rf7 21. Nf3 Rg8 22. Ne1
Nf8 23. Kh1 Nd7 24. Ra2 Nf8 25. Rg1 h6 26. Qh3 Rfg7 27. Qf1 Kh7 28. Rg2 Qf7 29.
Ng1 Kh8 30. f3 Ng6 31. Raf2 Rh7 32. Nh3 Qe8 33. Nc2 Qf8 34. Bd2 Qd8 35. Qc1 Ne8
36. Rg1 Nc7 37. Ne1 Ne8 38. Ng2 Nc7 39. Ne1 Ne8 40. Ng2 Nc7 41. Ne1 1/2-1/2

[Event "21st European Teams Women"]
[Site "Hersonissos GRE"]
[Date "2017.10.29"]
[Round "2.7"]
[Board "1"]
[White "Vega Gutierrez, Sabrina"]
[Black "Bulmaga, Irina"]
[Result "1-0"]
[WhiteTitle "IM"]
[BlackTitle "IM"]
[WhiteElo "2405"]
[BlackElo "2423"]
[WhiteTeam "Spain"]
[BlackTeam "Romania"]
[WhiteFideId "2219026"]
[BlackFideId "13903063"]
[EventDate "2017.10.28"]

1. d4 Nf6 2. Nf3 g6 3. c4 Bg7 4. Nc3 d6 5. e4 O-O 6. h3 Na6 7. Be3 e5 8. d5 Nh5
9. g3 f5 10. exf5 gxf5 11. Ng5 Nf6 12. Qd2 Qe7 13. O-O-O b6 14. Rg1 Nc5 15. Be2
a5 16. g4 Kh8 17. Qc2 e4 18. Kb1 h6 19. Ne6 Nxe6 20. dxe6 Bxe6 21. gxf5 Bxf5 22.
Bd4 c6 23. Ka1 Rf7 24. Qd2 a4 25. a3 Kh7 26. Rg3 Bh8 27. Be3 Nd7 28. Qxd6 Qxd6
29. Rxd6 Rf6 30. Nxe4 Rxd6 31. Nxd6 Bc2 32. Rg1 Nc5 33. Bg4 Rf8 34. f3 Be5 35.
Rg2 Bg6 36. Bxc5 bxc5 37. Ne4 h5 38. Bd7 Kh6 39. Bxc6 Rxf3 40. Ka2 Rf1 41. Nd2
Rc1 42. Bxa4 Bc2 43. Bc6 Bd3 44. Bd5 h4 45. a4 Rc2 46. Nb3 Rxg2 47. Bxg2 Bxc4
48. Ka3 Bxb3 49. Kxb3 Kg5 50. a5 Kf6 51. Kc4 Bc7 52. a6 Bb6 53. Kb5 Ba7 54. Kc6
c4 55. Kb7 Bd4 56. Bf1 1-0

[Event "21st European Teams Women"]
[Site "Hersonissos GRE"]
[Date "2017.10.29"]
[Round "2.7"]
[Board "2"]
[White "Peptan, Corina-Isabela"]
[Black "Garcia Martin, Marta"]
[Result "0-1"]
[WhiteTitle "IM"]
[BlackTitle "FM"]
[WhiteElo "2399"]
[BlackElo "2315"]
[WhiteTeam "Romania"]
[BlackTeam "Spain"]
[WhiteFideId "1201930"]
[BlackFideId "32084030"]
[EventDate "2017.10.28"]

1. d4 d5 2. c4 e6 3. Nf3 Nf6 4. Nc3 Bb4 5. Qa4+ Nc6 6. e3 O-O 7. Qc2 b6 8. cxd5
exd5 9. Bd3 Bg4 10. Bd2 Bxf3 11. gxf3 Ne7 12. a3 Bxc3 13. Bxc3 Qd6 14. Bb4 Qd7
15. Rc1 c5 16. dxc5 Rac8 17. Bc3 Rxc5 18. Qb1 Qe6 19. Ke2 Rd8 20. Bd4 Rxc1 21.
Rxc1 h6 22. b4 Nc6 23. Qb2 Nxd4+ 24. Qxd4 Qd6 25. h4 Kf8 26. Bf5 Qh2 27. Rc6 Nh5
28. Qg4 g6 29. f4 d4 30. Rc8 Rxc8 31. Bxc8 dxe3 32. Kxe3 Qh1 33. Qd7 Qc1+ 34.
Ke2 Nxf4+ 35. Kf3 Nh5 36. Qd8+ Kg7 37. Qd4+ Kh7 38. Bg4 Qh1+ 39. Ke3 Qxh4 40.
Qd7 Qg5+ 41. Ke2 Nf4+ 42. Kf3 Qf6 43. Kg3 h5 44. Bf3 Qg5+ 45. Kh2 Qh4+ 46. Kg1
Nh3+ 47. Kh1 Ng5+ 48. Kg2 Qf4 49. Bd1 h4 50. Bg4 h3+ 51. Kg1 Ne4 0-1

[Event "21st European Teams Women"]
[Site "Hersonissos GRE"]
[Date "2017.10.29"]
[Round "2.7"]
[Board "3"]
[White "Matnadze, Ana"]
[Black "Cosma, Elena-Luminita"]
[Result "1-0"]
[WhiteTitle "IM"]
[BlackTitle "WGM"]
[WhiteElo "2368"]
[BlackElo "2333"]
[WhiteTeam "Spain"]
[BlackTeam "Romania"]
[WhiteFideId "13601377"]
[BlackFideId "1201590"]
[EventDate "2017.10.28"]

1. Nf3 d5 2. g3 Nf6 3. Bg2 Bf5 4. O-O e6 5. c4 c6 6. b3 Nbd7 7. Bb2 h6 8. d3 Bc5
9. Nc3 O-O 10. d4 Be7 11. e3 Ne4 12. Nxe4 Bxe4 13. Nd2 Bxg2 14. Kxg2 Re8 15. f4
c5 16. f5 Bf6 17. fxe6 Rxe6 18. cxd5 Rxe3 19. Nc4 Re8 20. Nd6 Re3 21. Nf5 Re8
22. Nd6 Re3 23. Nf5 Re8 24. Rf2 cxd4 25. Bxd4 Re4 26. d6 Bxd4 27. Nxd4 Ne5 28.
Nf5 Ng4 29. Re2 Rxe2+ 30. Qxe2 h5 31. Rf1 Qb6 32. h3 Nf6 33. Rf3 Re8 34. Qd2 Qd8
35. Qg5 1-0

[Event "21st European Teams Women"]
[Site "Hersonissos GRE"]
[Date "2017.10.29"]
[Round "2.7"]
[Board "4"]
[White "Sandu, Mihaela"]
[Black "Calzetta Ruiz, Monica"]
[Result "1/2-1/2"]
[WhiteTitle "WGM"]
[BlackTitle "WGM"]
[WhiteElo "2278"]
[BlackElo "2218"]
[WhiteTeam "Romania"]
[BlackTeam "Spain"]
[WhiteFideId "1204327"]
[BlackFideId "2204185"]
[EventDate "2017.10.28"]

1. e4 c5 2. Nf3 Nc6 3. d4 cxd4 4. Nxd4 Nf6 5. Nc3 d6 6. Be2 g6 7. O-O Bg7 8. Nb3
O-O 9. Re1 Be6 10. Bg5 d5 11. Nc5 d4 12. Nb1 Qb6 13. Nxe6 fxe6 14. Nd2 Rac8 15.
Bh4 Kh8 16. Bg3 Qxb2 17. Rb1 Qc3 18. Rb3 Qc5 19. Rxb7 Nd8 20. Nb3 Qa3 21. Rc7
Rxc7 22. Bxc7 Nxe4 23. Bf3 Nc3 24. Qd3 Qxa2 25. h4 Qa4 26. Ra1 Qb5 27. Bg3 Qxd3
28. cxd3 Rxf3 29. gxf3 Nc6 30. Ra6 Ne5 31. Bxe5 Bxe5 32. Rxe6 Bf6 33. Kf1 Nd5
34. Ra6 Nb4 35. Ra4 Nxd3 36. Nxd4 Nb2 37. Rb4 a5 38. Rxb2 Bxd4 39. Rb5 Bc3 40.
Rb7 Bb4 41. Ke2 Kg7 42. Rb5 Kf6 43. f4 h5 44. Kf3 e6 45. Rb7 Bc5 46. Rc7 Bb4 47.
Ra7 Bc3 48. Ke2 Bb4 49. Kf3 1/2-1/2

[Event "21st European Teams Women"]
[Site "Hersonissos GRE"]
[Date "2017.10.29"]
[Round "2.8"]
[Board "1"]
[White "Atalik, Ekaterina"]
[Black "Peng, Zhaoqin"]
[Result "1-0"]
[WhiteTitle "IM"]
[BlackTitle "GM"]
[WhiteElo "2468"]
[BlackElo "2362"]
[WhiteTeam "Turkey"]
[BlackTeam "Netherlands"]
[WhiteFideId "4130189"]
[BlackFideId "1004786"]
[EventDate "2017.10.28"]

1. d4 d5 2. c4 dxc4 3. e3 Nf6 4. Bxc4 e6 5. Nf3 c5 6. O-O Nc6 7. Qe2 cxd4 8. Rd1
Be7 9. exd4 O-O 10. Nc3 Na5 11. Bd3 b6 12. Bg5 Bb7 13. Rac1 Rc8 14. Bb1 a6 15.
Ne5 Nd5 16. Bxe7 Qxe7 17. Nxd5 exd5 18. Qd3 g6 19. b3 Qg5 20. Rxc8 Rxc8 21. g3
Nc6 22. Nxc6 Rxc6 23. h4 Qe7 24. Qd2 a5 25. Bd3 h5 26. Qf4 Kg7 27. Kg2 Bc8 28.
Qe5+ Qf6 29. Rd2 Bg4 30. Rc2 Bf3+ 31. Kf1 Re6 32. Qxf6+ Kxf6 33. Bb5 Be4 34. Rc1
Bf3 35. Rc3 Be4 36. f3 Bb1 37. a3 g5 38. hxg5+ Kxg5 39. Kf2 Bg6 40. b4 axb4 41.
axb4 Rd6 42. Rc7 h4 43. f4+ Kf5 44. Bd3+ Kg4 45. Be2+ Kf5 46. gxh4 Kxf4 47. h5
Bb1 48. b5 Ke4 49. Rc6 Rd8 50. Rxb6 Kxd4 51. Rf6 Kc3 52. b6 d4 53. Rc6+ Kd2 54.
b7 Rb8 55. Ba6 Be4 56. Rc8 Rxb7 57. Bxb7 Bxb7 58. Rc7 Be4 59. Rxf7 d3 60. h6 1-0

[Event "21st European Teams Women"]
[Site "Hersonissos GRE"]
[Date "2017.10.29"]
[Round "2.8"]
[Board "4"]
[White "Kazarian, Anna-Maja"]
[Black "Arda, Cagil Irmak"]
[Result "1-0"]
[WhiteTitle "FM"]
[BlackTitle "WFM"]
[WhiteElo "2191"]
[BlackElo "2040"]
[WhiteTeam "Netherlands"]
[BlackTeam "Turkey"]
[WhiteFideId "1033689"]
[BlackFideId "6351700"]
[EventDate "2017.10.28"]

1. e4 e6 2. d4 d5 3. e5 c5 4. c3 Nc6 5. Nf3 Qb6 6. a3 Nh6 7. b4 cxd4 8. cxd4 Nf5
9. Bb2 Bd7 10. Be2 Rc8 11. O-O h5 12. h4 a6 13. Re1 Be7 14. g3 g6 15. Bf1 Kf8
16. Qd2 Kg7 17. Qf4 Na7 18. Nc3 a5 19. Bd3 Bb5 20. Bxf5 gxf5 21. Nxb5 Nxb5 22.
bxa5 Qxa5 23. a4 Nc3 24. Ba3 Qd8 25. Bxe7 Qxe7 26. Nh2 Rc4 27. Nf1 Ne4 28. f3
Nc3 29. Ne3 Rxa4 30. Rxa4 Nxa4 31. Ng2 Nb2 32. Rb1 Nc4 33. Kf2 Rh6 34. Qg5+ Qxg5
35. hxg5 Rh8 36. Rxb7 Ra8 37. Nf4 Ra2+ 38. Ke1 Ra1+ 39. Ke2 Ra2+ 40. Kd3 Ra3+
41. Kc2 Rxf3 42. g6 Rxf4 43. Rxf7+ Kxg6 44. Rf6+ Kg7 45. gxf4 h4 46. Rxe6 h3 47.
Ra6 Ne3+ 48. Kd3 Ng2 49. Ra1 Nxf4+ 50. Ke3 Ne6 51. Rh1 Ng5 52. Kf4 Kg6 53. Rg1
Kh6 54. Kxf5 Ne4 55. Kf4 Nf2 56. Kg3 1-0

[Event "21st European Teams Women"]
[Site "Hersonissos GRE"]
[Date "2017.10.29"]
[Round "2.9"]
[Board "1"]
[White "Botsari, Anna-Maria"]
[Black "Houska, Jovanka"]
[Result "1/2-1/2"]
[WhiteTitle "WGM"]
[BlackTitle "IM"]
[WhiteElo "2287"]
[BlackElo "2393"]
[WhiteTeam "Greece 1"]
[BlackTeam "England"]
[WhiteFideId "4200446"]
[BlackFideId "405094"]
[EventDate "2017.10.28"]

1. d4 d5 2. c4 e6 3. g3 Bb4+ 4. Nd2 Nf6 5. Bg2 O-O 6. Nf3 b6 7. O-O Bb7 8. Ne5
Nbd7 9. Qa4 Bxd2 10. Bxd2 Nxe5 11. dxe5 Nd7 12. Bc3 c6 13. Rfd1 Qc7 14. cxd5
cxd5 15. Rac1 Rfc8 16. Qf4 Bc6 17. h4 a5 18. h5 h6 19. Bd4 Rab8 20. b3 Qd8 21.
Qe3 Bb5 22. f4 Rxc1 23. Rxc1 Rc8 24. Kf2 Rxc1 25. Qxc1 a4 26. Qc3 axb3 27. axb3
Qe7 28. b4 Bc4 29. Qa3 Qd8 30. Qa7 Bb5 31. Qb7 Qe7 32. Qc8+ Qf8 33. Qxf8+ Kxf8
34. e4 dxe4 35. Bxe4 Ba4 36. g4 Bd1 37. Kg3 Ke7 38. Bc6 g6 39. Kh4 gxh5 40. gxh5
Be2 41. Bxd7 Kxd7 42. Bxb6 Ke8 43. Bc5 Bd3 44. f5 Bxf5 45. b5 Be4 46. Kg4 Bd5
47. Kf4 Bg2 48. b6 Bb7 49. Kg4 Bd5 50. Be3 Ke7 51. Bc5+ Ke8 52. Bf2 Bb7 53. Bh4
Bd5 54. Bf6 Kf8 55. Kf4 Bb7 56. Ke3 Ba6 57. Kd4 Ke8 58. Bg7 Kd7 59. Ke3 Ke7 60.
Bf6+ Kf8 61. Kd4 Ke8 62. Kc3 Kd7 63. Kd2 Ke8 64. Ke3 Kf8 65. Bd8 Bb7 66. Bc7 Ke8
67. Bd6 Bg2 68. Kd4 Kd7 69. Kc5 Kc8 70. Bf8 Bf3 1/2-1/2

[Event "21st European Teams Women"]
[Site "Hersonissos GRE"]
[Date "2017.10.29"]
[Round "2.9"]
[Board "2"]
[White "Ciuksyte, Dagne"]
[Black "Tsolakidou, Stavroula"]
[Result "0-1"]
[WhiteTitle "IM"]
[BlackTitle "WGM"]
[WhiteElo "2318"]
[BlackElo "2340"]
[WhiteTeam "England"]
[BlackTeam "Greece 1"]
[WhiteFideId "12800619"]
[BlackFideId "4264312"]
[EventDate "2017.10.28"]

1. Nf3 Nf6 2. g3 d5 3. Bg2 c6 4. O-O Bg4 5. d4 e6 6. Nbd2 Be7 7. Re1 O-O 8. e4
Bh5 9. c3 h6 10. a4 Nbd7 11. a5 a6 12. Qb3 Rb8 13. c4 Bg6 14. exd5 exd5 15. c5
Ne8 16. Nf1 Nc7 17. Bf4 Re8 18. Bh3 Bh7 19. Ne5 Nf8 20. Qf3 Bf6 21. Ne3 Nfe6 22.
Rad1 Nxd4 23. Rxd4 Bxe5 24. Nxd5 Bxd4 25. Rxe8+ Nxe8 0-1

[Event "21st European Teams Women"]
[Site "Hersonissos GRE"]
[Date "2017.10.29"]
[Round "2.9"]
[Board "3"]
[White "Pavlidou, Ekaterini"]
[Black "Kalaiyalahan, Akshaya"]
[Result "1/2-1/2"]
[WhiteTitle "WIM"]
[BlackTitle "FM"]
[WhiteElo "2198"]
[BlackElo "2026"]
[WhiteTeam "Greece 1"]
[BlackTeam "England"]
[WhiteFideId "4213262"]
[BlackFideId "422894"]
[EventDate "2017.10.28"]

1. d4 Nf6 2. c4 g6 3. Nc3 Bg7 4. e4 d6 5. Be2 O-O 6. Be3 e5 7. d5 Na6 8. g4 Nc5
9. Bf3 a5 10. h4 Ne8 11. Qe2 b6 12. h5 g5 13. h6 Bf6 14. Qd2 Be7 15. Nge2 a4 16.
Ng3 f6 17. Be2 Kh8 18. f3 Rg8 19. Kf2 Rg6 20. Rh2 Bf8 21. Rah1 Qd7 22. Kg2 Nb7
23. Bf2 Nd8 24. Nd1 Nf7 25. Nf5 Qd8 26. Nde3 Bd7 27. Bd3 Kg8 28. Qc2 Kh8 29. Be1
Kg8 30. Bd2 Kh8 31. Qb1 Kg8 32. Qd1 Kh8 33. Be1 Kg8 34. Bf2 Kh8 35. Qc2 Kg8 36.
Bg3 Kh8 37. Qe2 Kg8 38. Bc2 Kh8 39. a3 Kg8 40. Bd3 1/2-1/2

[Event "21st European Teams Women"]
[Site "Hersonissos GRE"]
[Date "2017.10.29"]
[Round "2.9"]
[Board "4"]
[White "Bhatia, Kanwal K"]
[Black "Avramidou, Anastasia"]
[Result "0-1"]
[WhiteTitle "WFM"]
[BlackTitle "FM"]
[WhiteElo "2080"]
[BlackElo "2257"]
[WhiteTeam "England"]
[BlackTeam "Greece 1"]
[WhiteFideId "407496"]
[BlackFideId "4239873"]
[EventDate "2017.10.28"]

1. e4 e6 2. d4 d5 3. Nd2 c5 4. exd5 exd5 5. Ngf3 Nc6 6. Bb5 Qe7+ 7. Be2 Qc7 8.
O-O Nf6 9. Re1 Be6 10. dxc5 Bxc5 11. Nb3 Bb6 12. Nbd4 O-O 13. Be3 Ng4 14. Nxe6
fxe6 15. Bxb6 Qxb6 16. Rf1 Rf6 17. Qd3 Nge5 18. Nxe5 Nxe5 19. Qb5 Qc7 20. f4 Nf7
21. Qa4 Nd6 22. Kh1 Nf5 23. Rae1 Qb6 24. Qb3 Rh6 25. Rf3 Nd4 26. Qxb6 axb6 27.
Rd3 Nxe2 28. Rxe2 Rxa2 29. g3 Rxb2 30. Rc3 Rf6 31. Rc7 h6 32. Kg2 b5 33. Rxb7 b4
34. h4 Rf7 35. Rb8+ Rf8 36. Rb6 Rc8 37. Kf3 h5 38. Rbxe6 Rc3+ 39. R6e3 Rbxc2 40.
Rxc2 Rxc2 41. Re5 Rc3+ 42. Kf2 Rc5 43. Re8+ Kf7 44. Rb8 Rc2+ 45. Ke3 Rc3+ 46.
Kd4 Rxg3 47. Rxb4 Ke6 48. Rb6+ Kf5 49. Kxd5 Kxf4 50. Rb1 Rg4 51. Rh1 Kf3 52.
Rf1+ Kg2 53. Rf5 g6 54. Rf6 Kg3 55. Ke5 Kxh4 56. Rf3 Rg3 57. Rf1 Kg5 0-1

[Event "21st European Teams Women"]
[Site "Hersonissos GRE"]
[Date "2017.10.29"]
[Round "2.10"]
[Board "1"]
[White "Newrkla, Katharina"]
[Black "Ziaziulkina, Nastassia"]
[Result "1/2-1/2"]
[WhiteTitle "WIM"]
[BlackTitle "IM"]
[WhiteElo "2170"]
[BlackElo "2369"]
[WhiteTeam "Austria"]
[BlackTeam "Belarus"]
[WhiteFideId "1621629"]
[BlackFideId "13505211"]
[EventDate "2017.10.28"]

1. e4 c5 2. Nf3 d6 3. d4 cxd4 4. Nxd4 Nf6 5. Nc3 a6 6. g3 e6 7. Bg2 Be7 8. O-O
O-O 9. Be3 Qc7 10. g4 Nc6 11. g5 Nd7 12. f4 Nb6 13. Nxc6 bxc6 14. b3 d5 15. Qh5
Re8 16. Rf3 Nd7 17. Raf1 Nf8 18. f5 exf5 19. exd5 Bb4 20. Bd4 c5 21. Bxg7 Kxg7
22. Qh6+ Kh8 23. d6 Qd8 24. Nd5 Re6 25. Nf6 Bd2 26. Rh3 Rxf6 27. Qxf6+ Qxf6 28.
gxf6 Rb8 29. Rd3 Bg5 30. Bh3 Bxf6 31. Bxf5 Bxf5 32. Rxf5 Nd7 33. c3 Kg7 34. Rg3+
Kf8 35. Rgf3 Kg7 36. Rg3+ Kh8 37. Rgf3 Rg8+ 38. Kf1 Rg6 39. b4 cxb4 40. cxb4 Be5
41. Rxf7 Rxd6 42. Re3 Kg8 43. Rxd7 Rxd7 44. Rxe5 Rd1+ 45. Kf2 Rd2+ 46. Re2 Rd3
47. a4 Ra3 48. a5 Rb3 49. Re4 Kf7 50. h4 Kf6 51. Ke2 Kf5 52. Rc4 Ke5 53. Kd2 Kd5
54. Rf4 Ke5 55. Kc2 Rh3 56. Rg4 Kd5 57. Rf4 Kc6 58. Rf6+ Kb5 59. Rb6+ Kc4 60.
Rxa6 Kxb4 61. Ra8 Rxh4 62. a6 Kb5 63. Kd2 Ra4 64. Rh8 Rxa6 1/2-1/2

[Event "21st European Teams Women"]
[Site "Hersonissos GRE"]
[Date "2017.10.29"]
[Round "2.10"]
[Board "2"]
[White "Badelka, Olga"]
[Black "Exler, Veronika"]
[Result "1-0"]
[WhiteTitle "WIM"]
[BlackTitle "WIM"]
[WhiteElo "2353"]
[BlackElo "2118"]
[WhiteTeam "Belarus"]
[BlackTeam "Austria"]
[WhiteFideId "13509926"]
[BlackFideId "1620550"]
[EventDate "2017.10.28"]

1. d4 d5 2. c4 e6 3. Nc3 Bb4 4. a3 Bxc3+ 5. bxc3 c5 6. e3 Ne7 7. cxd5 exd5 8.
Bd3 Nbc6 9. Ne2 c4 10. Bc2 Bf5 11. O-O O-O 12. f3 Bxc2 13. Qxc2 f5 14. a4 Qd7
15. Ba3 Qe6 16. Qd2 Rfe8 17. Rae1 Nc8 18. Ng3 Nb6 19. e4 fxe4 20. fxe4 dxe4 21.
Nxe4 Qg6 22. Nd6 Rxe1 23. Qxe1 h6 24. Rf3 Rd8 25. Rg3 Qh5 26. h3 Rd7 27. Qe6+
Kh7 28. Ne8 Rf7 29. Rxg7+ Rxg7 30. Nf6+ 1-0

[Event "21st European Teams Women"]
[Site "Hersonissos GRE"]
[Date "2017.10.29"]
[Round "2.10"]
[Board "3"]
[White "Schnegg, Anna-Lena"]
[Black "Revo, Tatiana"]
[Result "0-1"]
[WhiteTitle "WFM"]
[BlackTitle "WFM"]
[WhiteElo "2114"]
[BlackElo "2097"]
[WhiteTeam "Austria"]
[BlackTeam "Belarus"]
[WhiteFideId "1625268"]
[BlackFideId "13506480"]
[EventDate "2017.10.28"]

1. e4 c5 2. Nf3 d6 3. d4 cxd4 4. Nxd4 Nf6 5. Nc3 a6 6. g3 e6 7. Bg2 Be7 8. O-O
O-O 9. Be3 Qc7 10. g4 Nc6 11. g5 Nd7 12. f4 Re8 13. Qh5 g6 14. Qh4 Bf8 15. Rf3
Bg7 16. Nxc6 bxc6 17. e5 d5 18. Rh3 Rb8 19. Qxh7+ Kf8 20. b3 c5 21. Re1 Bb7 22.
Bf2 Ba8 23. Na4 Rb4 24. Rc3 d4 25. Rd3 Bxg2 26. Kxg2 Nb6 27. c3 Rxa4 28. bxa4
Nd5 29. Qh4 Nxc3 30. Qg3 Qc6+ 31. Kg1 Qxa4 32. Rxc3 dxc3 33. Qxc3 Qxf4 34. Qxc5+
Kg8 35. Bg3 Qxg5 36. Qc6 Rd8 37. Qxa6 Rd5 38. Qc8+ Bf8 39. Qc3 Bc5+ 40. Kh1 Bd4
41. Qc7 Qf5 42. Kg2 Bc5 43. Qb8+ Kg7 44. Qb2 Bd4 45. Qe2 Qg5 46. h4 Qd8 47. Kh3
Bc3 48. Rf1 Qc7 49. Qf3 Bxe5 50. Bxe5+ Rxe5 51. Qf6+ Kg8 52. Kg2 Ra5 53. Rf2
Qb7+ 54. Kh2 Qb8+ 55. Kg1 Qa7 56. Qd8+ Kh7 57. Qe8 Rf5 0-1